| 000 | 00538nam a22001817a 4500 | ||
|---|---|---|---|
| 003 | OSt | ||
| 005 | 20260306160115.0 | ||
| 008 | 260306b |||||||| |||| 00| 0 eng d | ||
| 020 | _a9780691288499 | ||
| 082 |
_a006.3 _bNARA |
||
| 100 | _aNarayanan, Arvind & Kapoor, Sayash | ||
| 245 | _aAI snake oil : What artificial intelligence can do, What it can't, and How to tell the difference | ||
| 260 |
_aNew Jersey _bPrinceton University Press _c2025 |
||
| 300 | _a360p | ||
| 546 | _aEnglish | ||
| 650 | _aComputer Science | ||
| 942 |
_2ddc _cBK |
||
| 999 |
_c3953 _d3953 |
||